000 00378nam a2200157Ia 4500
008 230524s9999 xx 000 0 und d
082 _a612
_bEZC
100 _aGabriel C.Ezeilo
_923726
245 0 _aTextbook of Physiology
250 _a1ST
260 _aNEW DELHI
_bOxford
_c2004
300 _aXIX;525
500 _aQuantity Number: 1
650 _aBiomedical
942 _cBK
999 _c35261
_d35261